Statistics for Transcontinental Countries

Click here to take the quiz!

General Stats

  • This quiz has been taken 42 times
  • The average score is 5 of 7

Answer Stats

Countries% Correct
Russia
100%
Turkey
97%
Egypt
79%
Kazakhstan
68%
Panama
66%
Trinidad and Tobago
29%
Denmark
26%

Score Distribution

Percentile by Number Answered

Percent of People with Each Score

Your Score History

You have not taken this quiz